| Поле | Инд. | ПП | Название | Значение |
|---|---|---|---|---|
| Тип записи | a | |||
| Библиографический уровень | m | |||
| 001 | Контрольный номер | 48a4ec66-3b1d-4ff5-9ef5-140e9a1fb9a6 | ||
| 005 | Дата корректировки | 20260624103143.9 | ||
| 008 | Кодируемые данные | 060426 | ||
| 040 | a | Служба первич. каталог. | НБ ТвГУ | |
| 041 | 0_ | a | Код языка текста | rus |
| 084 | a | Индекс другой классификации/Индекс ББК | У049(2)61 | |
| 090 | a | Полочн. индекс | У049(2) | |
| x | Авторский знак | П37 | ||
| 245 | 10 | a | Заглавие | Планирование размещения производительных сил СССР |
| b | Продолж. заглавия | осуществление политики КПСС на этапах соц. стр-ва : в 2 ч. | ||
| c | Ответственность | [редкол.: В. В. Кистанов (отв. ред.) и др.] | ||
| n | Номер части/ раздела | Ч. 1 | ||
| p | Название части/ раздела | Планирование размещения производительных сил в период построения основ, упрочения и развития социализма / [В. П. Можин и др.] | ||
| 260 | 0_ | a | Место издания | Москва |
| b | Издательство | Экономика | ||
| c | Дата издания | 1985 | ||
| 300 | a | Объем | 302, [1] с. | |
| 504 | a | Библиография | Библиогр. в подстроч. примеч. | |
| 653 | 0_ | a | Ключевые слова | История КПСС |
| a | Ключевые слова | КПСС | ||
| a | Ключевые слова | Производительные силы СССР | ||
| a | Ключевые слова | Экономическая политика КПСС | ||
| 700 | 1_ | a | Другие авторы | Можин Владимир Потапович |
| e | Роль лиц | ред. | ||
| 700 | 1_ | a | Другие авторы | Кистанов Виктор Васильевич |
| e | Роль лиц | отв. ред. | ||
| 852 | 41 | t | Порядковый номер экземпляра | 1 |
| 920 | a | Оператор | Алекс | |
| a | Оператор | Петр | ||
| 952 | c | Вид литературы | К рн | |
| 954 | a | Дата поступления на обработку | 20060503 |